[Event "BdF-Diamant 08 email"]
[Site "GER email"]
[Date "2017.06.26"]
[Round "?"]
[White "Nyberg, Wilfred"]
[Black "Boehnke, Hartmut"]
[Result "1/2-1/2"]
[WhiteElo "2297"]
[BlackElo "2304"]
[PlyCount "34"]
[EventDate "2017.??.??"]
[EventType "tourn (corr)"]
[EventRounds "10"]
[EventCountry "GER"]
[SourceTitle "Corr 2020"]
[Source "ChessBase"]
[SourceDate "2019.09.30"]
[SourceVersion "1"]
[SourceVersionDate "2019.09.30"]
[SourceQuality "1"]

1. e4 e5 2. Nc3 Nf6 3. Bc4 Nc6 4. d3 Na5 5. Bb3 Nxb3 6. axb3 d5 7. exd5 Bb4 8. Bd2 Nxd5 9. Nf3 Nxc3 10. Bxc3 Bxc3+ 11. bxc3 0-0 12. 0-0 f6 13. Re1 Qd6 14. h3 b6 15. d4 exd4 16. Qxd4 Qxd4 17. cxd4 Bb7 1/2-1/2

[Event "BdF-Diamant 08 email"]
[Site "GER email"]
[Date "2017.06.26"]
[Round "?"]
[White "Nyberg, Wilfred"]
[Black "Fischer, Detlev"]
[Result "1/2-1/2"]
[WhiteElo "2297"]
[BlackElo "2311"]
[PlyCount "49"]
[EventDate "2017.??.??"]
[EventType "tourn (corr)"]
[EventRounds "10"]
[EventCountry "GER"]
[SourceTitle "Corr 2020"]
[Source "ChessBase"]
[SourceDate "2019.09.30"]
[SourceVersion "1"]
[SourceVersionDate "2019.09.30"]
[SourceQuality "1"]

1. e4 c5 2. Nc3 Nc6 3. f4 g6 4. Nf3 Bg7 5. Bb5 Nd4 6. 0-0 a6 7. Bd3 d6 8. Nxd4 cxd4 9. Ne2 Nf6 10. c3 dxc3 11. dxc3 0-0 12. f5 b5 13. Bg5 Bb7 14. Ng3 a5 15. h4 b4 16. h5 d5 17. hxg6 fxg6 18. fxg6 hxg6 19. Qe2 Qc7 20. e5 Ne4 21. Nxe4 dxe4 22. Bxe4 Qxe5 23. Qc4+ Kh8 24. Bxb7 Qxg5 25. Bxa8 1/2-1/2

[Event "BdF-Diamant 08 email"]
[Site "GER email"]
[Date "2017.06.26"]
[Round "?"]
[White "Nyberg, Wilfred"]
[Black "Hausdorf, Heinz"]
[Result "0-1"]
[WhiteElo "2297"]
[BlackElo "2307"]
[PlyCount "70"]
[EventDate "2017.??.??"]
[EventType "tourn (corr)"]
[EventRounds "10"]
[EventCountry "GER"]
[SourceTitle "Corr 2020"]
[Source "ChessBase"]
[SourceDate "2019.09.30"]
[SourceVersion "1"]
[SourceVersionDate "2019.09.30"]
[SourceQuality "1"]

1. e4 c5 2. Nc3 e6 3. f4 d5 4. Nf3 dxe4 5. Nxe4 Nc6 6. Bb5 Bd7 7. 0-0 Nf6 8. d3 a6 9. Nxf6+ gxf6 10. Ba4 Qc7 11. Be3 0-0-0 12. Qe2 Rg8 13. Kh1 Qa5 14. Bb3 Ne7 15. d4 Bc6 16. Rad1 Kb8 17. c4 cxd4 18. Bxd4 Rxd4 19. Rxd4 Nf5 20. Rd3 Bc5 21. Bc2 Bb6 22. Qe1 Qc5 23. Rb3 Ne3 24. Rxe3 Qxe3 25. Qxe3 Bxe3 26. f5 Rg4 27. fxe6 fxe6 28. Re1 Rxc4 29. Bb3 Rc1 30. Bxe6 Rxe1+ 31. Nxe1 Be4 32. Bc4 Kc7 33. Be2 Kd6 34. Bd1 Kc5 35. Nc2 Bf2 0-1